000 00971nam a2200265 i 4500
001 000030479
003 DO-SdBNP
005 20231128124901.0
007 ta
008 110518s1992 dr a 000 | spa d
040 _aDO-SdBNP
_bspa
_cBNPHU
_erda
049 _aBNPD
082 4 _bG643m
_222
100 1 _aGonzález del Valle A., Manuel,
_957105
_eautor
245 1 0 _aManual analítico para la formulación, implementación y evaluación de proyectos de desarrollo /
_cManuel González del Valle A.
264 _aSantiago de los Caballeros, República Dominicana :
_bPontificia Universidad Católica Madre y Maestra,
_c1992.
300 _a257 páginas :
_bilustraciones ;
_c23 cm.
336 _2rdacontent
_atexto
_btxt
337 _2rdamedia
_asin mediación
_bn
338 _2rdacarrier
_avolumen
_bnc
500 _aIncluye referencias bibliográficas y notas al pie de las páginas.
590 _aInventariado, 2023/BT
910 _aBtavárez
942 _2ddc
_cLBS1
999 _c29971
_d29971